Hangul Letter Quiz - Statistics

General Stats
  • This quiz has been taken 2,815 times
  • The average score is 29 of 40
Answer Stats
Hint Answer % Correct
s
84%
ss
84%
i
83%
n
83%
r
83%
a
82%
m
81%
h
79%
pp
79%
o
78%
p
78%
kk
77%
d
76%
u
76%
(vowel)/ng
76%
t
75%
b
74%
ch
74%
k
74%
j
73%
wa
73%
ya
73%
yu
73%
jj
72%
tt
72%
g
70%
wae
70%
yo
70%
ae
69%
eu
69%
yeo
64%
eo
63%
ui
63%
we
61%
yae
61%
wi
60%
wo
60%
e
58%
ye
57%
oe
36%
No matching quizzes found
Score Distribution
Percent of People with Each Score
Percentile by Number Answered
Your Score History
You have not taken this quiz